01017nam a2200229 a 450000100100000000500170001000800410002702000180006804000250008608200160011110000300012724501370015726000420029430000270033649000490036350001210041270000240053370000360055771000540059371000910064783000490073800004674320220321135113.0180321s2015 dr a 000 0 spa d a9789945900491 aDO-SdBNPbspacBNPHU axxxxbP969g1 aPacheco Salazar, Berenice10aGuía orientativa para su diseño e implementación /cBerenice Pacheco Salazar, Verónica Herrera ; coordinadora Analia Rosoli. aSanto Domingo :bMINERD,bOEI,c2015. a45 p. :bil. ;c27 cm.1 aSistema integral de apoyo a los aprendizajes aA la cabeza del título : Proyectos educativos innovadores; guía orientativa para su diseño e implementación.1 aHerrera, Verónica1 aRosoli, Analía,ecoordinadora1 aRepública Dominicana. Ministerio de Educación2 aOrganización de Estados Iberoamericanos para la Educación, la Ciencia y la Cultura 0aSistema integral de apoyo a los aprendizajes